000
00261nam a2200097Ia 4500
001
699488
005
20250826162112.0
008
250824s9999 xx 000 0 und d
245
0
_a
EINSTEIN VE TAM GÜNEŞ TUTULMASI/P.COLES/EVEREST
_c
PETER COLES
260
_b
EVEREST
999
_c
699488
_d
699488